ბათუმის შოთა რუსთაველის სახელმწიფო უნივერსიტეტის ბიბლიოთეკა

Yeni HITIT Ders Kitabi 2 B1 : (ბიბ.ჩანაწერი № 41403)

000 -LEADER
fixed length control field 00473nam a2200181Ia 4500
001 - CONTROL NUMBER
control field 8065
003 - CONTROL NUMBER IDENTIFIER
control field GE_BSU
005 - DATE AND TIME OF LATEST TRANSACTION
control field 20200117152706.0
008 - FIXED-LENGTH DATA ELEMENTS--GENERAL INFORMATION
fixed length control field 181216s2012||||tu |||||||||||||| ||tur||
040 ## - CATALOGING SOURCE
Transcribing agency GE_BSU
041 ## - LANGUAGE CODE
Language code of text/sound track or separate title tur
080 ## - UNIVERSAL DECIMAL CLASSIFICATION NUMBER
Universal Decimal Classification number 811.513.161 H-72
245 ## - TITLE STATEMENT
Title Yeni HITIT Ders Kitabi 2 B1 :
Remainder of title Yabancilar için Türkçe /
Statement of responsibility, etc. N.Engin UZUN.
260 ## - PUBLICATION, DISTRIBUTION, ETC.
Place of publication, distribution, etc. Ankara
300 ## - PHYSICAL DESCRIPTION
Extent 196p.:
Other physical details +1CD;
Dimensions 30 cm.
653 ## - INDEX TERM--UNCONTROLLED
keyword თურქული ენა
942 ## - ADDED ENTRY ELEMENTS (KOHA)
Koha item type წიგნი
Source of classification or shelving scheme
ეგზემპლარები
Withdrawn status Lost status Source of classification or shelving scheme Damaged status Not for loan Permanent Location Current Location Shelving location Date acquired Full call number Barcode Date last seen Copy number Price effective from Koha item type
          ბათუმის შოთა რუსთაველის სახელმწიფო უნივერსიტეტის მთავარი ბიბლიოთეკა ბათუმის შოთა რუსთაველის სახელმწიფო უნივერსიტეტის მთავარი ბიბლიოთეკა წიგნსაცავი 2018-12-17 811.513.161 H-72 7462 2018-12-17 7462 2018-12-17 წიგნი